00715nam a22002297a 4500003000900000001000800009007000300017008003600020100002900056090002100085942000700106040003800113245005200151300001200203955000600215041000800221080001400229260003900243650007100282999001900353952011300372UA-OsUOA 96267 ta20130318b un ||||| |||| 00| 0 ukr d aКондратьев В. a821.161.1bК 64 cBK aUA-OsUOAbruscUA-OsUOAdUA-OsUOA aНадежная кровляbрассказы a143 с. a3 arus a821.161.1 aДонецькbДонбасc1986 7a82 Література. Літературознавство2UDC c382518d382518 00102udc4070a101b101d2013-03-18i44404l0o821.161.1 К 64p44404r2022-04-19 00:00:00w2013-03-18yBK